Advances in Nuclear Physics : (Record no. 745)

MARC details
000 -LEADER
fixed length control field 00821nam a22002657a 4500
005 - DATE AND TIME OF LATEST TRANSACTION
control field 20250420134823.0
008 - FIXED-LENGTH DATA ELEMENTS--GENERAL INFORMATION
fixed length control field 211114b ||||| |||| 00| 0 eng d
020 ## - INTERNATIONAL STANDARD BOOK NUMBER
International Standard Book Number 9789811590610
040 ## - CATALOGING SOURCE
Transcribing agency KCST
082 ## - DEWEY DECIMAL CLASSIFICATION NUMBER
Classification number 539.7092
Item number Ad
100 ## - MAIN ENTRY--PERSONAL NAME
Personal name Puri, Rajeev K.
9 (RLIN) 5509
245 ## - TITLE STATEMENT
Title Advances in Nuclear Physics :
Remainder of title Structure and Reactions /
Statement of responsibility, etc. Rajeev K Puri; Joerg Aichelin; Sakshi Gautam; Rohit Kumar
250 ## - EDITION STATEMENT
Edition statement vol. 257
260 ## - PUBLICATION, DISTRIBUTION, ETC.
Place of publication, distribution, etc. Singapore :
Name of publisher, distributor, etc. Springer,
Date of publication, distribution, etc. 2021.
300 ## - PHYSICAL DESCRIPTION
Extent p.
440 ## - SERIES STATEMENT/ADDED ENTRY--TITLE
Title Springer proceedings in physics
Volume/sequential designation v. 257.
9 (RLIN) 5510
650 ## - SUBJECT ADDED ENTRY--TOPICAL TERM
Topical term or geographic name entry element Nuclear physics
Form subdivision Congresses.
9 (RLIN) 5511
650 ## - SUBJECT ADDED ENTRY--TOPICAL TERM
Topical term or geographic name entry element Heavy ions
Form subdivision Congresses.
9 (RLIN) 5512
650 ## - SUBJECT ADDED ENTRY--TOPICAL TERM
Topical term or geographic name entry element Heavy ions.
9 (RLIN) 5513
700 ## - ADDED ENTRY--PERSONAL NAME
Personal name Aichelin, Joerg
9 (RLIN) 5514
700 ## - ADDED ENTRY--PERSONAL NAME
Personal name Gautam, Sakshi
9 (RLIN) 5515
700 ## - ADDED ENTRY--PERSONAL NAME
Personal name Kumar, Rohit
9 (RLIN) 5516
942 ## - ADDED ENTRY ELEMENTS (KOHA)
Koha item type Book
942 ## - ADDED ENTRY ELEMENTS (KOHA)
Source of classification or shelving scheme Dewey Decimal Classification
Holdings
Withdrawn status Lost status Source of classification or shelving scheme Damaged status Not for loan Home library Current library Date acquired Cost, normal purchase price Total checkouts Full call number Barcode Date last seen Cost, replacement price Price effective from Koha item type
    Dewey Decimal Classification     KCST Library KCST Library 14/11/2021 44.62   539.7092 Ad 1000000912 14/11/2021 44.62 14/11/2021 Book
© 2025 KCST. All rights reserved